LEADER 01466nam a2200289 u 4500 001 000000058682 003 CaOOAMICUS 005 20070226120723.0 008 010611s2000 it u000 u ita u 020 $a8814085455 035 $a10892147 040 $aPUL$bita 100 1 $aHäberle, Peter.$0(OLS)http://pul/name/35610 245 13$aLa Verfassungsbeschwerde nel sistema della giustizia costituzionale tedesca /$cPeter Häberle ; traduzione e presentazione di Antonio D'Atena ; in appendice La legge sul tribunale costituzionale federale aggiornata con la novella del 16.7.1998. 260 $aMilano :$bGiuffrè,$c2000. 300 $axiii, 124 p. ;$c24 cm 490 1 $aStudi e materiali di diritto costituzionale ;$v11 650 4$aDiritto costituzionale$zGermania.$0(OLS)http://pul/subject/17969 700 1 $aD'Atena, Antonio.$0(OLS)http://pul/name/29791 830 0$aStudi e materiali di diritto costituzionale ;$v11.$0(OLS)http://pul/title/78624 850 $aPUL 852 $aPUL$W1$xDP2 Diritto e Scienze Sociali 3$y110$m342. 43 HAPBE 1$j175305$nBK-PRI$b $qDDC 21$B76632$CPULBib$Z2$F76632 $H84676 $81 941 1 $a9 961 $aPrecedente Collocazione: DCiv 48 11 996 $6020$a8814085455$9(OLS)http://pul/number/74446 996 $6245$aLa Verfassungsbeschwerde nel sistema della giustizia costituzionale tedesca$9(OLS)http://pul/title/78623 996 $6260$aMilano :$bGiuffrè$9(OLS)http://pul/publisher/48401 LEADER 01058nam a2200253 a 4500 001 000000137103 003 CaOOAMICUS 005 20140120134708.0 008 140120s1982 it u000 u ita r 040 $aPUL$bita 100 1 $aD'Ambrosio Mazziotti, Anna Maria.$0(OLS)http://pul/name/88286 245 10$aIncontri e dissidi manzoniani /$cAnna Maria D'Ambrosio Mazziotti ; premessa di Giorgio Petrocchi. 260 $aBrescia :$bMorcelliana,$c1982. 300 $a151 p. ;$c20 cm 500 $aBibliografia in nota. 600 14$aManzoni, Alessandro,$d1785-1873$xCritica e interpretazione.$0(OLS)http://pul/subject/505 700 1 $aPetrocchi, Giorgio,$d1921-1989.$0(OLS)http://pul/name/3651 850 $aPUL 852 $aPUL$W1$xDP1 Fondo E. Rossi$y115$m4 A 15$j115600$qFondi$B157531$CPULBib$Z2$F157531 $82 941 1 $a1 961 $aSul dorso collocazione ms. di E. Rossi: PAA 15 996 $6245$aIncontri e dissidi manzoniani$9(OLS)http://pul/title/173562 996 $6260$aBrescia :$bMorcelliana$9(OLS)http://pul/publisher/47854